Central Banking, Monetary Policy and The Future of Money. (Record no. 3208)

MARC details
005 - DATE AND TIME OF LATEST TRANSACTION
control field 20250605112818.0
020 ## - INTERNATIONAL STANDARD BOOK NUMBER
International Standard Book Number 9 7818800 376397
082 ## - DEWEY DECIMAL CLASSIFICATION NUMBER
Classification number 332.1 CEN
245 ## - TITLE STATEMENT
Title Central Banking, Monetary Policy and The Future of Money.
260 ## - PUBLICATION, DISTRIBUTION, ETC.
Place of publication, distribution, etc. USA,
Name of publisher, distributor, etc. EE Publishing,
Date of publication, distribution, etc. 2022.
300 ## - PHYSICAL DESCRIPTION
Extent xv,302p.; ill.; tables.;
Other physical details Index.;
Dimensions 23cm.
700 ## - ADDED ENTRY--PERSONAL NAME
Other authors/Editors VALLET, G.
942 ## - ADDED ENTRY ELEMENTS (KOHA)
Source of classification or shelving scheme Dewey Decimal Classification
Koha item type Books
Holdings
Date last seen Total checkouts Full call number Barcode Cost, replacement price Price effective from Koha item type Lost status Source of classification or shelving scheme Damaged status Not for loan Withdrawn status Home library Current library Shelving location Date acquired Cost, normal purchase price
06/05/2025   332.1 CEN DOM00039 999999.99 06/05/2025 Books   Dewey Decimal Classification       CBE Dodoma CBE Dodoma Special Reserve Collection 03/12/2025 429475.00